000 01026nam0a22002531 4500
001 rc\1183477
005 20260407051937.0
035 _a(NLR Aleph) 006425414
090 _a5492858
_c5492858
100 _a20041129d1980 |||y0rusy50 ca
101 0 _arus
102 _aRU
105 _aa |||||||||
200 1 _aНекоторые задачи динамики осесимметричного твердого тела
_e[Сб. статей]
_fМГУ им. М.В. Ломоносова, Ин-т механики
_gПод ред. Б.Я. Локшина, В.А. Привалова
210 _aМ.
_cИзд-во МГУ
_d1980
215 _a113 с.
_cил.
_d26
320 _aБиблиогр. в конце статей
702 1 _aЛокшин
_bБ.Я.
_gБорис Яковлевич
_4340
712 0 2 _aМарийский областной кооперативный совет
_3RU\NLR\AUTH\8810021359
_9540667
801 0 _aRU
_bNLR
_gpsbo
801 1 _aRU
_bELAR
_2rusmarc
852 _aNLR
_j81-7/107
942 _cBOOK
980 _aNB